| 000 | 00580nam a2200193 a 4500 | ||
|---|---|---|---|
| 005 | 20231013063609.0 | ||
| 008 | 991125s1957 par 000 0 fre u | ||
| 035 | _aUPN01000035897 | ||
| 049 | _aLT | ||
| 050 | 4 |
_aLB1583 F8.1 _bV3.6 |
|
| 100 | 1 | _aValette, Paul | |
| 245 | 1 | 0 |
_aMa premiére géographie en couleurs / _cPaul Valette, Bernard Lechaussée |
| 260 |
_aParís : _bF. Nathan, _c1957 |
||
| 300 |
_a63 p. : _bil. col. |
||
| 650 | 4 |
_aGeografía _xEstudio y enseñanza (Elemental) _92801 |
|
| 700 | 2 |
_aLechaussée, Bernard, _ecoaut. |
|
| 904 |
_aAC _b035898 |
||
| 905 | _aLibro | ||
| 999 |
_c35897 _d35897 |
||